[Event "PRO League Group Stage"]
[Site "chess.com INT"]
[Date "2018.02.03"]
[Round "4"]
[White "Xu, Xiangyu"]
[Black "Ashwin, Jayaram"]
[Result "0-1"]
[WhiteTitle "GM"]
[BlackTitle "GM"]
[WhiteElo "2545"]
[BlackElo "2486"]
[WhiteTeam "Chengdu Pandas"]
[BlackTeam "Webster Windmills"]
[WhiteFideId "8608288"]
[BlackFideId "5018137"]
[EventDate "2018.01.18"]

1. d4 Nf6 2. Bf4 d5 3. e3 Bf5 4. c4 e6 5. Nc3 Bb4 6. Bd3 Bxd3 7. Qxd3 c5 8. Nf3
cxd4 9. Nxd4 Nbd7 10. Bg3 Nc5 11. Qe2 Nfe4 12. Rc1 O-O 13. O-O Bxc3 14. bxc3
dxc4 15. Qxc4 Rc8 16. Rfd1 Qe7 17. Qb4 Rfd8 18. Nb5 b6 19. Rd4 Nxg3 20. hxg3 e5
21. Rdd1 Kf8 22. c4 a6 23. Rxd8+ Rxd8 24. Nc3 Nd3 25. Qxe7+ Kxe7 26. Rb1 Rc8 27.
Nd5+ Ke6 28. Rxb6+ Kd7 29. Rxa6 Rb8 30. Ra7+ Ke6 31. Re7+ Kd6 32. Rxf7 Rb1+ 33.
Kh2 Rb2 34. Nc3 Ke6 35. Rxg7 Nxf2 36. a4 h5 37. a5 Rc2 38. Nb5 Rc1 39. Rg6+ Kf7 0-1

[Event "PRO League Group Stage"]
[Site "chess.com INT"]
[Date "2018.02.03"]
[Round "4"]
[White "Xu, Xiangyu"]
[Black "Rohde, Michael"]
[Result "1-0"]
[WhiteTitle "GM"]
[BlackTitle "GM"]
[WhiteElo "2545"]
[BlackElo "2388"]
[WhiteTeam "Chengdu Pandas"]
[BlackTeam "Miami Champions"]
[WhiteFideId "8608288"]
[BlackFideId "2000172"]
[EventDate "2018.01.18"]

1. d4 Nf6 2. c4 e6 3. g3 Bb4+ 4. Nd2 d5 5. Bg2 O-O 6. Nf3 Nbd7 7. O-O h6 8. Qc2
c5 9. a3 Bxd2 10. Bxd2 dxc4 11. Rfd1 b5 12. a4 Ba6 13. dxc5 Nxc5 14. Bxh6 Qc8
15. axb5 Bb7 16. Be3 Nb3 17. Rxa7 Rxa7 18. Bxa7 Be4 19. Qc3 Nd5 20. Qe5 Bc2 21.
Rf1 Qb7 22. Bd4 Nxd4 23. Nxd4 Bg6 24. Rc1 Rc8 25. Nc6 Nb6 26. Rd1 Qc7 27. Qxc7
Rxc7 28. Ra1 Kh7 29. Kf1 Bc2 30. Ke1 Ba4 31. Kd2 Bxb5 32. Nd4 Bd7 33. Ra6 Na4
34. Kc2 e5 35. Nf3 f6 36. Nh4 Nc5 37. Ra8 g5 38. Nf3 Bf5+ 39. Kd2 Rd7+ 40. Kc3
Be6 41. Nd2 Kg7 42. Nxc4 Rd4 43. Ne3 f5 44. b4 Nd7 45. Ra6 Kf7 46. Ra7 Ke7 47.
Bc6 Kd6 48. Bxd7 1-0

[Event "PRO League Group Stage"]
[Site "chess.com INT"]
[Date "2018.02.03"]
[Round "4"]
[White "Tang, Andrew"]
[Black "Gabuzyan, Hovhannes"]
[Result "0-1"]
[WhiteTitle "IM"]
[BlackTitle "GM"]
[WhiteElo "2513"]
[BlackElo "2571"]
[WhiteTeam "Minnesota Blizzard"]
[BlackTeam "Rio Grande Ospreys"]
[WhiteFideId "2059630"]
[BlackFideId "13303732"]
[EventDate "2018.01.18"]

1. d4 Nf6 2. c4 g6 3. f3 Bg7 4. e4 O-O 5. Nc3 d6 6. Nge2 c5 7. d5 e6 8. Ng3 exd5
9. cxd5 h5 10. Bg5 Re8 11. Be2 Qb6 12. Qd2 Nh7 13. Bh4 g5 14. Bxg5 Nxg5 15. Qxg5
Qxb2 16. Rc1 Re5 17. Qe3 h4 18. f4 Re7 19. Nh5 Bd4 20. Qd2 Qxd2+ 21. Kxd2 a6 22.
e5 dxe5 23. d6 Re6 24. Nd5 Rxd6 25. Ne7+ Kf8 26. Nxc8 Rh6 27. fxe5 Nc6 28. Nb6
Rd8 29. Rcf1 Nxe5 30. Nf6 Bf2+ 31. Nfd5 Rxb6 32. Rxf2 Rxd5+ 33. Kc2 Rbd6 34. Bh5
f6 35. Re1 Ke7 36. g3 hxg3 37. hxg3 Rd3 38. g4 Ra3 39. Kb1 Rb6+ 40. Ka1 Re6 41.
Rfe2 Rg3 42. Rb1 b5 43. Rd1 c4 44. Red2 Nd3 45. Bg6 Ree3 46. Bf5 Kd6 47. Kb1 Kc5
48. Rh2 Kb4 49. Ka1 Ka3 50. Rhd2 Nb4 51. Rc1 Rc3 52. Rcd1 Rgf3 53. Rd6 Rf2 54.
Bb1 a5 55. R6d2 Rxd2 56. Rxd2 Rc1 57. g5 c3 58. Rg2 c2 0-1

[Event "PRO League Group Stage"]
[Site "chess.com INT"]
[Date "2018.02.03"]
[Round "4"]
[White "Tang, Andrew"]
[Black "Nakamura, Hikaru"]
[Result "0-1"]
[WhiteTitle "IM"]
[BlackTitle "GM"]
[WhiteElo "2513"]
[BlackElo "2781"]
[WhiteTeam "Minnesota Blizzard"]
[BlackTeam "Seattle Sluggers"]
[WhiteFideId "2059630"]
[BlackFideId "2016192"]
[EventDate "2018.01.18"]

1. d4 b6 2. c4 Bb7 3. Nc3 e6 4. Qc2 Bb4 5. Nf3 Nf6 6. Bg5 h6 7. Bh4 g5 8. Bg3
Ne4 9. e3 Bxc3+ 10. bxc3 d6 11. Bd3 f5 12. d5 Qf6 13. Bxe4 fxe4 14. Qxe4 Qxc3+
15. Ke2 Qb2+ 16. Nd2 Qf6 17. h4 g4 18. h5 Nd7 19. Bh4 Qf5 20. Qxf5 exf5 21. f4
Kf7 22. Nb3 Bc8 23. Rac1 Re8 24. Kd3 Re4 25. Bd8 Ba6 26. Bxc7 Ke7 27. Nd4 Nc5+
28. Kd2 Rxd4+ 29. exd4 Ne4+ 30. Ke3 Kd7 31. c5 Kxc7 32. cxd6+ Kxd6 33. Rc6+ Kxd5
34. Rxh6 Rc8 0-1

[Event "PRO League Group Stage"]
[Site "chess.com INT"]
[Date "2018.02.03"]
[Round "4"]
[White "Tang, Andrew"]
[Black "Dreev, Aleksey"]
[Result "0-1"]
[WhiteTitle "IM"]
[BlackTitle "GM"]
[WhiteElo "2513"]
[BlackElo "2653"]
[WhiteTeam "Minnesota Blizzard"]
[BlackTeam "San Diego Surfers"]
[WhiteFideId "2059630"]
[BlackFideId "4100107"]
[EventDate "2018.01.18"]

1. d4 d5 2. Bf4 Nf6 3. e3 g6 4. Nf3 Bg7 5. Be2 O-O 6. h3 c5 7. c3 b6 8. O-O Ba6
9. Bxa6 Nxa6 10. Qa4 Nc7 11. Na3 Ne6 12. Bh2 Qd7 13. Qa6 Qc8 14. Qe2 Qb7 15.
Rad1 Rac8 16. Ne5 Ne4 17. Nb1 b5 18. dxc5 N6xc5 19. Nd2 Rfd8 20. Ndf3 Na4 21.
Nd4 a6 22. Rc1 Nb6 23. Rfd1 Nc4 24. Nd3 e6 25. Qe1 Qb6 26. b3 Ncd6 27. f3 Nc5
28. Ne5 Nd7 29. Nd3 e5 30. Nb4 Qb7 31. Nxd5 Qxd5 32. Nf5 Qxd1 33. Ne7+ Kf8 34.
Nxg6+ hxg6 35. Rxd1 Nc5 36. e4 Ne6 37. Rd5 Nf4 38. Bxf4 exf4 39. Qd2 Bxc3 40.
Qxf4 Ne8 41. Kf1 Rxd5 42. exd5 Rd8 43. Qe3 b4 44. Qc5+ Kg7 45. a3 Nf6 46. d6 Ne8
47. axb4 Bf6 48. b5 axb5 49. Qxb5 Nxd6 50. Qb6 Nf5 51. g4 Ng3+ 52. Kg2 Ne2 53.
Qe3 Nc3 54. g5 Bd4 55. Qe7 Rd5 56. f4 Rf5 57. b4 Nd5 58. Qd6 Nxf4+ 59. Kh1 Be5
60. Qe7 Nd3 61. b5 Rf1+ 62. Kg2 Rf2+ 63. Kg1 Bd4 64. Kh1 Rb2 65. Qd6 Nf2+ 0-1

[Event "PRO League Group Stage"]
[Site "chess.com INT"]
[Date "2018.02.03"]
[Round "4"]
[White "Wang, Annie"]
[Black "Breckenridge, Steven"]
[Result "0-1"]
[WhiteTitle "FM"]
[BlackTitle "FM"]
[WhiteElo "2330"]
[BlackElo "2312"]
[WhiteTeam "Saint Louis Arch Bishops"]
[BlackTeam "Dallas Destiny"]
[WhiteFideId "2053900"]
[BlackFideId "2043700"]
[EventDate "2018.01.18"]

1. d4 Nf6 2. c4 g6 3. Nc3 Bg7 4. e4 O-O 5. Nf3 d6 6. Be2 e5 7. Be3 Nbd7 8. dxe5
dxe5 9. Nd2 c6 10. O-O Qe7 11. Rc1 Nc5 12. b4 Ne6 13. c5 Rd8 14. Bc4 Nd4 15. Qa4
Ng4 16. Bxd4 Rxd4 17. Qc2 Bh6 18. Ncb1 a5 19. a3 axb4 20. axb4 Be6 21. Rcd1 Rad8
22. Bxe6 Qxe6 23. Nf3 R4d7 24. Nc3 Nf6 25. Rxd7 Rxd7 26. Na4 Ne8 27. Nb6 Rd8 28.
Rd1 Qa2 29. Qb1 Qb2 30. h3 Qxb1 31. Rxb1 Nc7 32. Nxe5 Re8 33. Ng4 Bg5 34. f4 Bd8
35. Rd1 h5 36. Nf2 Bh4 37. e5 g5 38. g3 Bxg3 39. Ne4 Bxf4 40. Nf6+ Kf8 41. Nxe8
Kxe8 42. Nc4 Nd5 43. b5 Ke7 44. b6 Ne3 45. Rc1 Nxc4 46. Rxc4 Ke6 47. Ra4 Be3+
48. Kg2 Bxc5 49. Ra7 Bxb6 50. Rxb7 Bd4 51. Rc7 c5 52. Kf3 Bg1 53. Ke4 g4 54.
hxg4 hxg4 55. Rc6+ Kd7 56. Rd6+ Ke7 57. Kf5 g3 58. Kg4 Bd4 59. Ra6 g2 60. Ra7+
Kf8 61. Ra8+ Kg7 62. Kf3 g1=R 63. Ke4 Re1+ 64. Kd5 Rxe5+ 65. Kc4 Re3 66. Ra7
Rc3+ 67. Kd5 Rc1 68. Ra4 Kg6 69. Ra6+ f6 70. Ra4 Be5 71. Re4 c4 72. Rg4+ Kf5 73.
Rg2 c3 74. Rf2+ 0-1

[Event "PRO League Group Stage"]
[Site "chess.com INT"]
[Date "2018.02.03"]
[Round "4"]
[White "Yanayt, Eugene"]
[Black "Bora, Safal"]
[Result "0-1"]
[WhiteTitle "FM"]
[BlackTitle "IM"]
[WhiteElo "2203"]
[BlackElo "2370"]
[WhiteTeam "Las Vegas Desert Rats"]
[BlackTeam "Pittsburgh Pawngrabbers"]
[WhiteFideId "2020165"]
[BlackFideId "2066149"]
[EventDate "2018.01.18"]

1. Nf3 Nf6 2. c4 g6 3. Nc3 d5 4. cxd5 Nxd5 5. Qb3 Nb6 6. d4 Bg7 7. Bf4 O-O 8. e3
N8d7 9. O-O-O c6 10. Be2 Nf6 11. Be5 Be6 12. Qa3 Nc4 13. Bxc4 Bxc4 14. h4 b5 15.
b3 Be6 16. Bxf6 Bxf6 17. Ne4 Bg7 18. h5 a5 19. hxg6 hxg6 20. Neg5 Bg4 21. Rh4
Bxf3 22. gxf3 a4 23. Kb1 e5 24. f4 exf4 25. exf4 Re8 26. b4 Qd5 27. Qh3 Re2 28.
Qa3 Qc4 0-1

[Event "PRO League Group Stage"]
[Site "chess.com INT"]
[Date "2018.02.03"]
[Round "4"]
[White "Belous, Vladimir"]
[Black "Bykhovsky, Anatoly"]
[Result "0-1"]
[WhiteTitle "GM"]
[BlackTitle "GM"]
[WhiteElo "2567"]
[BlackElo "2496"]
[WhiteTeam "Rio Grande Ospreys"]
[BlackTeam "Montclair Sopranos"]
[WhiteFideId "4174003"]
[BlackFideId "2806991"]
[EventDate "2018.01.18"]

1. c4 e5 2. g3 Nc6 3. Bg2 g6 4. Nf3 e4 5. Ng1 f5 6. Nc3 Nf6 7. d3 Bb4 8. Bd2 Qe7
9. dxe4 fxe4 10. Nd5 Nxd5 11. cxd5 Ne5 12. Bxb4 Qxb4+ 13. Qd2 Qxd2+ 14. Kxd2 e3+
15. Kxe3 Ng4+ 16. Kf3 d6 17. Nh3 O-O+ 18. Ke4 c5 19. Kd3 Ne5+ 20. Kd2 Bxh3 21.
Bxh3 Rxf2 22. Raf1 Raf8 23. Rxf2 Rxf2 24. Ke3 Rf8 25. b3 Kg7 26. Be6 b5 27. g4
h6 28. h4 a5 29. g5 hxg5 30. hxg5 b4 31. a3 bxa3 32. Ra1 Rb8 33. Rxa3 c4 34. Kd2
cxb3 35. Kc1 Nc4 36. Kb1 Nxa3+ 37. Kc1 b2+ 0-1

[Event "PRO League Group Stage"]
[Site "chess.com INT"]
[Date "2018.02.03"]
[Round "4"]
[White "Yanayt, Eugene"]
[Black "Thavandiran, Shiyam"]
[Result "0-1"]
[WhiteTitle "FM"]
[BlackTitle "IM"]
[WhiteElo "2203"]
[BlackElo "2399"]
[WhiteTeam "Las Vegas Desert Rats"]
[BlackTeam "Montreal Chessbrahs"]
[WhiteFideId "2020165"]
[BlackFideId "2605058"]
[EventDate "2018.01.18"]

1. d4 Nf6 2. c4 e6 3. g3 c5 4. d5 exd5 5. cxd5 d6 6. Nc3 g6 7. Bg2 Bg7 8. Nf3
O-O 9. O-O a6 10. a4 Re8 11. Re1 Ne4 12. Nxe4 Rxe4 13. Nd2 Rb4 14. Qc2 Nd7 15.
Nc4 Ne5 16. Na3 b5 17. Bd2 Rxb2 18. Qc1 b4 19. Bg5 Qc7 20. Nc2 Nc4 21. Bh6 Bxh6
22. Qxh6 Rxc2 23. Be4 Rc3 24. h4 Qe7 25. Bf3 Ne5 26. h5 Bf5 27. Kg2 g5 0-1

[Event "PRO League Group Stage"]
[Site "chess.com INT"]
[Date "2018.02.03"]
[Round "4"]
[White "Yanayt, Eugene"]
[Black "Rosenthal, Nicholas"]
[Result "0-1"]
[WhiteTitle "FM"]
[WhiteElo "2203"]
[BlackElo "2169"]
[WhiteTeam "Las Vegas Desert Rats"]
[BlackTeam "Miami Champions"]
[WhiteFideId "2020165"]
[BlackFideId "2045150"]
[EventDate "2018.01.18"]

1. Nf3 d5 2. g3 e6 3. c4 c6 4. Bg2 Nf6 5. O-O Bd6 6. d4 Nbd7 7. Nc3 O-O 8. Qc2
Re8 9. Rd1 Qe7 10. e4 dxe4 11. Nxe4 Nxe4 12. Qxe4 Nf6 13. Qe2 Bd7 14. Bg5 h6 15.
Bxf6 Qxf6 16. Ne5 Red8 17. Rd3 Be8 18. Rad1 Qe7 19. c5 Bc7 20. Rb3 Rab8 21. Ra3
Ra8 22. Nc4 Qf6 23. Rad3 Rd7 24. b4 Rad8 25. Ne5 Rxd4 26. Rxd4 Rxd4 27. Rxd4
Bxe5 28. Rd3 Bc7 29. Bf3 Kf8 30. Kg2 Qe7 31. Qe4 f5 32. Qh4 Qxh4 33. gxh4 e5 34.
Rd2 Ke7 35. Be2 Bf7 36. Rc2 Bd5+ 37. f3 e4 38. Bc4 exf3+ 39. Kf2 Be4 40. Rd2 Bf4
41. Rd4 Be5 42. Rd2 Bc3 43. Rd1 Bxb4 44. Bd3 Bxc5+ 45. Kf1 Ke6 46. Bxe4 fxe4 47.
Rd8 e3 48. Re8+ Kf5 49. Rb8 e2+ 50. Ke1 Bb4+ 0-1

[Event "PRO League Group Stage"]
[Site "chess.com INT"]
[Date "2018.02.03"]
[Round "4"]
[White "Yanayt, Eugene"]
[Black "Grabinsky, Aaron"]
[Result "0-1"]
[WhiteTitle "FM"]
[WhiteElo "2203"]
[BlackElo "2359"]
[WhiteTeam "Las Vegas Desert Rats"]
[BlackTeam "Webster Windmills"]
[WhiteFideId "2020165"]
[BlackFideId "2087090"]
[EventDate "2018.01.18"]

1. Nf3 Nf6 2. c4 c5 3. Nc3 e6 4. e4 d6 5. d4 cxd4 6. Nxd4 Be7 7. Qe2 a6 8. g3 b6
9. Bg2 Bb7 10. O-O Qc7 11. Be3 Nbd7 12. f4 O-O 13. Rac1 Rfe8 14. g4 g6 15. Bf3
e5 16. g5 exd4 17. Bxd4 d5 18. gxf6 Bc5 19. Qe3 dxe4 20. Bg2 Nxf6 21. h3 Rad8
22. Bxc5 bxc5 23. Rfd1 Nh5 24. f5 Qe5 25. Rxd8 Rxd8 26. Bxe4 Re8 27. Re1 Nf6 28.
Bxb7 Qxe3+ 29. Rxe3 Rxe3 30. fxg6 hxg6 31. Bxa6 Rxh3 32. Bb7 Rh4 33. b3 Ne8 34.
a4 Rh3 35. Nb5 Rxb3 36. a5 Nf6 37. a6 Nd7 38. a7 Nb6 39. Nc7 Ra3 40. a8=Q+ Nxa8
41. Bxa8 Ra7 0-1

[Event "PRO League Group Stage"]
[Site "chess.com INT"]
[Date "2018.02.03"]
[Round "4"]
[White "Belous, Vladimir"]
[Black "Fedoseev, Vladimir3"]
[Result "1/2-1/2"]
[WhiteTitle "GM"]
[BlackTitle "GM"]
[WhiteElo "2567"]
[BlackElo "2724"]
[WhiteTeam "Rio Grande Ospreys"]
[BlackTeam "Saint Louis Arch Bishops"]
[WhiteFideId "4174003"]
[BlackFideId "24130737"]
[EventDate "2018.01.18"]

1. Nf3 d5 2. d4 Nf6 3. c4 e6 4. g3 Be7 5. Bg2 O-O 6. O-O c6 7. Qc2 Nbd7 8. Bf4
Nh5 9. Bd2 Nhf6 10. Bf4 Nh5 11. Bd2 Nhf6 12. Bf4 1/2-1/2

[Event "PRO League Group Stage"]
[Site "chess.com INT"]
[Date "2018.02.03"]
[Round "4"]
[White "Quesada Perez, Yuniesky"]
[Black "Petrosian, Tigran L."]
[Result "0-1"]
[WhiteTitle "GM"]
[BlackTitle "GM"]
[WhiteElo "2627"]
[BlackElo "2606"]
[WhiteTeam "Miami Champions"]
[BlackTeam "Seattle Sluggers"]
[WhiteFideId "3504409"]
[BlackFideId "13301616"]
[EventDate "2018.01.18"]

1. e4 d6 2. d4 g6 3. Nc3 Bg7 4. Be3 a6 5. Qd2 b5 6. h4 h6 7. O-O-O Bb7 8. f3 Nd7
9. g4 Nb6 10. Bd3 Nf6 11. Nh3 Nfd7 12. d5 Ne5 13. Qf2 Rc8 14. Kb1 b4 15. Ne2 Na4
16. Bd4 c5 17. dxc6 Rxc6 18. Nc1 Nc5 19. Be2 Ne6 20. Bxe5 Bxe5 21. f4 Bg7 22. e5
Qc7 23. f5 Rxc2 24. fxe6 Rxb2+ 25. Kxb2 Bxe5+ 26. Kb1 Qc3 27. Qxf7+ Kd8 28.
Rxd6+ Kc8 29. Nd3 Qa1+ 30. Kc2 Qxa2+ 31. Kd1 Bxd6 32. Rf1 b3 33. Qg7 Qc2+ 34.
Ke1 Bg3+ 35. Nhf2 Rd8 36. Rg1 Rxd3 37. Rxg3 Qd2+ 38. Kf1 Rxg3 39. Qh8+ Qd8 40.
Qe5 Qd6 41. Qh8+ Kc7 0-1

[Event "PRO League Group Stage"]
[Site "chess.com INT"]
[Date "2018.02.03"]
[Round "4"]
[White "Wang, Annie"]
[Black "Clarke, Brandon G I"]
[Result "0-1"]
[WhiteTitle "FM"]
[BlackTitle "FM"]
[WhiteElo "2330"]
[BlackElo "2360"]
[WhiteTeam "Saint Louis Arch Bishops"]
[BlackTeam "Australia Kangaroos"]
[WhiteFideId "2053900"]
[BlackFideId "400319"]
[EventDate "2018.01.18"]

1. d4 Nf6 2. c4 g6 3. Nc3 Bg7 4. e4 d6 5. Nf3 O-O 6. Be2 e5 7. Be3 Ng4 8. Bg5 f6
9. Bh4 g5 10. Bg3 Nh6 11. d5 f5 12. exf5 Nxf5 13. Nd2 Nd4 14. O-O Bf5 15. Nde4
Nxe2+ 16. Qxe2 Nd7 17. Rad1 h6 18. f3 b6 19. Bf2 a5 20. b3 Nf6 21. a3 Nh5 22.
Be3 Nf4 23. Qd2 Qe8 24. b4 axb4 25. axb4 Qg6 26. Rde1 Rf7 27. c5 bxc5 28. bxc5
Kh8 29. Kh1 Raf8 30. cxd6 cxd6 31. Nb5 Rd7 32. Rc1 Bxe4 33. fxe4 Qxe4 34. Nc3
Qg6 35. Rcd1 Rdf7 36. Nb5 g4 37. Na7 h5 38. Nc6 h4 39. Bxf4 Rxf4 40. Rxf4 Rxf4
41. Qa5 Qf6 42. Qb5 Rf2 43. Qb8+ Bf8 44. Rg1 h3 45. Qb3 Qf4 46. Qd3 Rd2 47. Qg3
Qxg3 48. hxg3 hxg2+ 49. Rxg2 Rxd5 50. Rh2+ Kg7 51. Rh4 Rc5 52. Rxg4+ Kf6 53. Nb4
d5 54. Kg2 Bd6 55. Nd3 Rc3 56. Ne1 e4 57. Rh4 Rxg3+ 58. Kf1 Rc3 59. Rh6+ Ke5 60.
Rh5+ Kd4 61. Ke2 Re3+ 62. Kd1 Rg3 63. Nc2+ Kc4 64. Na3+ Bxa3 65. Rh6 d4 66. Rc6+
Kd3 67. Ke1 e3 68. Kf1 e2+ 69. Kf2 Rf3+ 0-1

[Event "PRO League Group Stage"]
[Site "chess.com INT"]
[Date "2018.02.03"]
[Round "4"]
[White "Quesada Perez, Yuniesky"]
[Black "Belous, Vladimir"]
[Result "0-1"]
[WhiteTitle "GM"]
[BlackTitle "GM"]
[WhiteElo "2627"]
[BlackElo "2567"]
[WhiteTeam "Miami Champions"]
[BlackTeam "Rio Grande Ospreys"]
[WhiteFideId "3504409"]
[BlackFideId "4174003"]
[EventDate "2018.01.18"]

1. e4 c5 2. Nf3 Nc6 3. Bb5 g6 4. Bxc6 dxc6 5. d3 Bg7 6. h3 Nh6 7. a4 a5 8. Be3
Qb6 9. Nbd2 Be6 10. b3 f5 11. O-O Nf7 12. Rb1 O-O 13. Nc4 Qa7 14. exf5 Bxf5 15.
Re1 e5 16. Bd2 Rfe8 17. Nh4 Bd7 18. Nxa5 b5 19. axb5 cxb5 20. b4 Bf8 21. c3 cxb4
22. cxb4 Qd4 23. Nf3 Qxd3 24. Be3 e4 25. Nd4 Ne5 26. Qc1 Rac8 27. Qb2 Nc4 28.
Nxc4 bxc4 29. Red1 c3 30. Rxd3 exd3 31. Qb3+ Kh8 32. Rd1 c2 33. Nxc2 dxc2 34.
Bd4+ Bg7 35. Bxg7+ Kxg7 36. Rxd7+ Kh6 37. Rd1 Rc3 38. Qd5 cxd1=Q+ 39. Qxd1 Rcc8
40. Qd2+ Kg7 41. Qd7+ Kh6 42. b5 Rb8 43. Kh2 Rf8 44. Qd2+ Kg7 45. Qd4+ Kh6 46.
b6 Rb7 47. Qe3+ Kg7 48. Qe5+ Kh6 49. Qe3+ Kg7 50. Qd4+ Kh6 51. Qh4+ Kg7 52. Qd4+
Kh6 53. f4 Rbf7 54. Qe3 Kg7 55. Qe5+ Kg8 56. Qd5 Rb8 57. Qe6 Rb7 58. g4 Kg7 59.
f5 gxf5 60. g5 f4 61. Kg2 f3+ 62. Kf2 Rbe7 63. Qd5 Re2+ 64. Kf1 Ree7 65. Qd4+
Kg6 66. h4 f2 67. Qd6+ Kh5 68. Qd1+ Kxh4 69. Qd4+ Kg3 70. Qd3+ Kg4 71. Qd4+ Rf4
72. Qd1+ Kh4 73. b7 Re1+ 74. Qxe1 fxe1=Q+ 75. Kxe1 Rb4 0-1

[Event "PRO League Group Stage"]
[Site "chess.com INT"]
[Date "2018.02.03"]
[Round "4"]
[White "Quesada Perez, Yuniesky"]
[Black "Brown, Michael William"]
[Result "1-0"]
[WhiteTitle "GM"]
[BlackTitle "IM"]
[WhiteElo "2627"]
[BlackElo "2506"]
[WhiteTeam "Miami Champions"]
[BlackTeam "San Diego Surfers"]
[WhiteFideId "3504409"]
[BlackFideId "2037602"]
[EventDate "2018.01.18"]

1. e4 e5 2. Nf3 Nc6 3. d4 exd4 4. Nxd4 Bc5 5. Nb3 Bb6 6. Nc3 Nf6 7. Bg5 h6 8.
Bh4 d6 9. f3 Be6 10. Bb5 O-O 11. Bxc6 bxc6 12. Qe2 Re8 13. O-O-O Bd7 14. Rhe1 a5
15. a4 Rb8 16. g4 Qe7 17. Qg2 Qe5 18. Bg3 Qg5+ 19. Kb1 Nh7 20. h4 Qg6 21. Bf4
Be6 22. Nd4 Bxd4 23. Rxd4 c5 24. Rdd1 f6 25. Nb5 Qf7 26. Rg1 Bc4 27. Nc3 Rb4 28.
Bc1 Reb8 29. f4 Be6 30. g5 fxg5 31. hxg5 hxg5 32. f5 Bc4 33. Rh1 Nf6 34. e5 dxe5
35. Qxg5 Kf8 36. Rh8+ Ke7 37. Rxb8 Rxb8 38. Qe3 Nd7 39. Qe4 Rb4 40. Bg5+ Ke8 41.
Qa8+ Rb8 42. Qxb8+ 1-0

[Event "PRO League Group Stage"]
[Site "chess.com INT"]
[Date "2018.02.03"]
[Round "4"]
[White "Quesada Perez, Yuniesky"]
[Black "Ni, Hua"]
[Result "1/2-1/2"]
[WhiteTitle "GM"]
[BlackTitle "GM"]
[WhiteElo "2627"]
[BlackElo "2670"]
[WhiteTeam "Miami Champions"]
[BlackTeam "Chengdu Pandas"]
[WhiteFideId "3504409"]
[BlackFideId "8601160"]
[EventDate "2018.01.18"]

1. e4 e5 2. Nf3 Nf6 3. Nxe5 d6 4. Nf3 Nxe4 5. Nc3 Nf6 6. d4 Be7 7. Bd3 O-O 8. h3
Nc6 9. a3 d5 10. O-O Re8 11. Re1 h6 12. Bf4 Be6 13. Qd2 Bd6 14. Bxd6 Qxd6 15.
Nb5 Qd8 16. Qf4 Re7 17. Re2 a6 18. Nc3 Re8 19. g4 Qd6 20. Qxd6 cxd6 21. Rae1 Bd7
22. Nd1 Rxe2 23. Rxe2 Re8 24. Rxe8+ Bxe8 25. Ne3 Ne7 26. Kg2 g5 27. h4 gxh4 28.
Nxh4 Bd7 29. f3 a5 30. Kg3 Ne8 31. Nhg2 Ng7 32. Nf4 Bc6 33. c3 Ne6 34. Nh5 Ng7
35. Nf6+ Kf8 36. b4 axb4 37. cxb4 Ne8 38. Nxe8 Bxe8 39. b5 b6 40. a4 Bd7 41. Nf5
Ng8 42. Nxd6 Ke7 43. Nf5+ Bxf5 44. Bxf5 Nf6 45. Bd3 Ne8 46. Kh4 Nf6 47. Bf5 Kd6
48. Kg3 Ne8 49. Kf4 Nc7 50. Ke3 Ne8 51. Kd3 Ng7 52. Ke3 h5 53. Kf4 hxg4 54. fxg4
f6 55. Ke3 Ne8 56. Kd3 Ke7 57. Kc3 Nd6 58. Bd3 Nb7 59. Bb1 Kd6 60. Bd3 Na5 61.
Kd2 Nb3+ 62. Ke3 Na5 63. Kf4 Nb3 64. Ke3 Na5 65. Be2 Ke7 66. Bf3 Ke6 67. Kd3 Nc4
68. Kc3 Kd6 69. Be2 Na5 70. Kb4 Ke6 71. Bd3 Kd6 72. Be2 Ke6 73. Bd3 Kd6 74. Kc3
Ke6 75. Bf5+ Kd6 76. Bd3 Ke6 77. Kd2 Kd6 78. Kc3 Ke6 79. Kd2 Kd6 80. Kc3 Ke6 1/2-1/2

[Event "PRO League Group Stage"]
[Site "chess.com INT"]
[Date "2018.02.03"]
[Round "4"]
[White "Pichot, Alan"]
[Black "Dreev, Aleksey"]
[Result "0-1"]
[WhiteTitle "GM"]
[BlackTitle "GM"]
[WhiteElo "2552"]
[BlackElo "2653"]
[WhiteTeam "Buenos Aires Krakens"]
[BlackTeam "San Diego Surfers"]
[WhiteFideId "110973"]
[BlackFideId "4100107"]
[EventDate "2018.01.18"]

1. c4 c6 2. Nf3 d5 3. b3 Bg4 4. e3 Nd7 5. h3 Bh5 6. Bb2 e6 7. Be2 Ngf6 8. O-O
Bd6 9. d3 O-O 10. Nbd2 Qe7 11. a3 a5 12. Qc2 e5 13. Rfe1 Rfe8 14. Nh4 Bxe2 15.
Rxe2 Qe6 16. Nhf3 h6 17. e4 Nh5 18. cxd5 cxd5 19. exd5 Qxd5 20. Qc4 Qxc4 21.
Nxc4 Nf4 22. Re4 Bc7 23. d4 f5 24. Rxe5 Nxe5 25. Ncxe5 Rac8 26. Kf1 Bxe5 27.
dxe5 Red8 0-1

[Event "PRO League Group Stage"]
[Site "chess.com INT"]
[Date "2018.02.03"]
[Round "4"]
[White "Pichot, Alan"]
[Black "Nakamura, Hikaru"]
[Result "0-1"]
[WhiteTitle "GM"]
[BlackTitle "GM"]
[WhiteElo "2552"]
[BlackElo "2781"]
[WhiteTeam "Buenos Aires Krakens"]
[BlackTeam "Seattle Sluggers"]
[WhiteFideId "110973"]
[BlackFideId "2016192"]
[EventDate "2018.01.18"]

1. e4 e5 2. Nf3 Nc6 3. Bb5 Nf6 4. Nc3 Nd4 5. Bc4 Bc5 6. d3 d6 7. h3 c6 8. O-O b5
9. Bb3 a5 10. a4 Nxb3 11. cxb3 b4 12. Ne2 Bb6 13. Ng3 h6 14. d4 O-O 15. dxe5
dxe5 16. Nxe5 Ba6 17. Nc4 Bxc4 18. bxc4 Qxd1 19. Rxd1 Rfe8 20. Re1 Rad8 21. e5
Nd7 22. Bf4 g5 23. Be3 Rxe5 24. Bxb6 Rxe1+ 25. Rxe1 Nxb6 26. b3 Rd3 27. Re3 Rxe3
28. fxe3 Kg7 29. Ne4 Nd7 30. g4 Kg6 31. Kf2 f5 32. gxf5+ Kxf5 33. Nd6+ Ke6 34.
Nb7 h5 35. Kf3 Ke5 36. Nxa5 Kd6 37. c5+ Nxc5 38. Nc4+ Kd5 39. Nd2 Ke5 40. Nc4+
Ke6 41. Nd2 Kd5 42. Ke2 Kd6 43. e4 Ne6 44. Kf3 Kc5 45. Nc4 Nd4+ 46. Ke3 Nxb3 47.
Ne5 Kb6 48. Nc4+ Ka6 49. e5 Nc5 50. Kd4 Ne6+ 51. Ke4 g4 52. h4 Nc5+ 53. Kf4 b3
54. Ke3 Nxa4 55. Kd4 Nb6 56. e6 g3 57. Ne5 g2 58. Nf3 b2 59. e7 g1=Q+ 60. Nxg1
b1=Q 61. e8=Q Qxg1+ 0-1